• 首页
  • 本馆介绍
  • 公告通知
  • 最新文献
  • 馆藏检索
  • 电子资源
  • 读者导购
  • 参考咨询
  • 我的图书馆
  • 登录
  • 详细信息显示
  • 放入我的书架
  • 预约/预借图书
  • 作者相关作品
  • 分类相关作品
  • 丛书相关作品
  • 出版社相关作品

书目信息

  • 表格格式
  • 工作单格式
  • 卡片格式
题名:
中学科技活动资料
    
 
作者: ;上海人民出版社 编辑
分册: 第4辑  
出版信息: 上海   编者  1975
页数: 76页
开本: 20cm
丛书名:
单 册:
中图分类: N56
科图分类:
主题词: 中学-科技资料 , 科技资料-中学 , 自然科学--丛书 , 自然科学--文集 , 自然科学--连续出版物
电子资源:
ISBN:
000 00793nam0 2200289 45
001 0175001601
005 20040518161025.4
010    @dCNY0.21
091    @a13171.106
100    @a19951214d1975 demy0chiy0121 ea
101 0  @achi
102    @aCN@b310000
105    @ay z 000yy
106    @ar
200 10 @a中学科技活动资料@Azhong xue ke ji huo dong zi liao@h第4辑@f上海人民出版社编辑
210    @a上海@c编者@d1975
215    @a76页@d20cm
606    @a中学-科技资料
606    @a科技资料-中学
606 0  @a自然科学@x丛书
606 0  @a自然科学@x文集
606 0  @a自然科学@x连续出版物
690    @aN56
711 02 @a上海人民出版社@Ashang hai ren min chu ban she@4编辑
801  0 @aCN@b广东省中山图书馆@c20040518
801  2 @aCN@bNLC@c20040518
905    @f1@b16053@dN56@e8:4
    
    中学科技活动资料.第4辑/上海人民出版社编辑.-上海:编者,1975
    76页;20cm
    
    
    ISBN :CNY0.21
    
●
相关链接 在E读中查询图书 在五车中查询图书 在当当中查询图书 在豆瓣中查询图书


正题名:中学科技活动资料     索取号:N56/8:4         预约/预借

序号 登录号 条形码 馆藏地/架位号 状态 备注
1 0016053   000697785   第二样本阅览室/ [索取号:N56/8:4] 在馆    
唐山师范学院图书馆 欢迎您!
大连网信软件有限公司© 版权所有